[Event "WchT U26"]
[Site "Roque Saenz Pena"]
[Date "1997.??.??"]
[Round "4"]
[White "Sadvakasov, Darmen"]
[Black "Steinhoff, Igor Muramatsu"]
[Result "1-0"]
[WhiteElo "2410"]
[BlackElo "2245"]

1.e4 c5 2.Nf3 d6 3.Bb5+ Bd7 4.Bxd7+ Qxd7 5.O-O Nc6 6.b3 Nf6 7.Re1 g6 8.c3 Bg7
9.d4 O-O 10.d5 Na5 11.Nbd2 b5 12.Bb2 Nh5 13.Qc2 e6 14.dxe6 Qxe6 15.c4 Bxb2
16.Qxb2 bxc4 17.Qc3 Nc6 18.Nxc4 Nf6 19.e5 Nd5 20.Qd2 dxe5 21.Ncxe5 Rad8 22.Qh6 Nf6
23.Nxg6 Ne4 24.Rxe4 Qxg6 25.Qe3 Rd5 26.h3 Qf6 27.Re1 Nd4 28.Rf4 Qd6 29.Ne5 f5
30.Qg3+ Kh8 31.Rh4  1-0

[Event "WchT U26"]
[Site "Roque Saenz Pena"]
[Date "1997.??.??"]
[Round "4"]
[White "Jodorcovsky, Paulo"]
[Black "Bancod, Ronald"]
[Result "0-1"]
[WhiteElo "2295"]
[BlackElo "2405"]

1.e4 c5 2.Nf3 d6 3.Bb5+ Nd7 4.O-O Nf6 5.Re1 a6 6.Bf1 e5 7.c3 Be7 8.d4 O-O
9.Nbd2 Re8 10.dxe5 dxe5 11.Nc4 Qc7 12.a4 b6 13.Bg5 Bb7 14.Qc2 Bf8 15.Rad1 Bc6
16.Ncd2 b5 17.axb5 axb5 18.c4 b4 19.b3 h6 20.Bh4 Nh5 21.Bd3 Nf4 22.Nf1 Ne6
23.Ne3 Nd4 24.Nxd4 cxd4 25.Nd5 Qb7 26.Bg3 Nc5 27.f4 exf4 28.Bxf4 Ra3 29.Rb1 Rea8
30.Red1 Ra2 31.Rb2 Rxb2 32.Qxb2 Ra3 33.Qxd4 Rxb3 34.Bc2 Ne6 35.Qe5 Ra3 36.Bxh6 Qa7+
37.Kh1 Qf2 38.Bb1 Rf3  0-1

[Event "WchT U26"]
[Site "Roque Saenz Pena"]
[Date "1997.??.??"]
[Round "5"]
[White "Ginzburg, Maximiliano"]
[Black "Sadvakasov, Darmen"]
[Result "0-1"]
[WhiteElo "2450"]
[BlackElo "2410"]

1.e4 c5 2.Nf3 d6 3.Bb5+ Bd7 4.Bxd7+ Nxd7 5.O-O Ngf6 6.Re1 Rc8 7.Nc3 e6 8.d4 cxd4
9.Nxd4 a6 10.f4 Qc7 11.h3 Be7 12.Be3 b5 13.Qf3 b4 14.Nce2 Qb7 15.Ng3 Nc5
16.Bf2 h5 17.e5 Qxf3 18.Nxf3 dxe5 19.Nxe5 h4 20.Ne2 Na4 21.Nd4 g6 22.Nd3 Nd5
23.Re2 Rh5 24.Nf3 Bd6 25.Bxh4 Nxf4 26.Nxf4 Bxf4 27.a3 bxa3 28.Rxa3 Nxb2 29.Rxa6 Nd1
30.Ra3 Rhc5 31.Rd3 Nc3 32.Re1 Na2 33.Nd4 Nb4 34.Rdd1 Nxc2 35.Nxe6 Be3+ 36.Rxe3 Nxe3
37.Nxc5 Nxd1 38.Ne4 Kd7 39.Bg5 Ke6 40.h4 Nc3 41.Nd2 f6 42.Be3 Nd5 43.Bd4 Rc2
44.Nf3 Kf5 45.Bf2 Ke4 46.Ne1 Ra2 47.Nf3 Nf4 48.Ne1 f5 49.Kf1 Ra1  0-1

[Event "WchT U26"]
[Site "Roque Saenz Pena"]
[Date "1997.??.??"]
[Round "8"]
[White "Zarnicki, Pablo"]
[Black "Bancod, Ronald"]
[Result "1/2-1/2"]
[WhiteElo "2550"]
[BlackElo "2405"]

1.e4 c5 2.Nf3 d6 3.Bb5+ Nd7 4.d4 Nf6 5.O-O cxd4 6.Qxd4 a6 7.Bxd7+ Bxd7 8.c4 g6
9.Nc3 Bg7 10.b3 O-O 11.Bb2 Bc6 12.Nd5 Nh5 13.Qd2 Bxb2 14.Qxb2 e6 15.Nc3 Qf6
16.Qd2 Nf4 17.Rac1 d5 18.cxd5 exd5 19.Rfe1 Rad8 20.exd5 Bxd5 21.Nxd5 Rxd5
22.Qc3 Qf5 23.Re3 Nd3 24.Rc2 Nb4 25.Rd2 Nxa2 26.Rxd5 Qxd5 27.Qf6 Nb4 28.h4 Qc6
29.Qg5 Nd5 30.Rd3 Nf6 31.Ne5 Qe6 32.Re3 Rd8 33.Kh2 Rd5 34.f3 Nh5 35.Re4 f6
36.Nc4 fxg5 37.Rxe6 gxh4 38.Re7 Rd1 39.Rxb7 g5 40.Rb8+ Kg7 41.Rb7+ Kf8  1/2-1/2

[Event "Santiago op"]
[Site "Santiago de Chile"]
[Date "1997.??.??"]
[Round "2"]
[White "Cortes Moyano, Julio"]
[Black "Queirolo, Manuel"]
[Result "1-0"]
[WhiteElo "2295"]
[BlackElo "2060"]

1.e4 c5 2.Nf3 d6 3.Bb5+ Bd7 4.Bxd7+ Qxd7 5.O-O Nc6 6.c3 g6 7.d4 cxd4 8.cxd4 Bg7
9.Nc3 e6 10.d5 Ne5 11.Nd4 exd5 12.Nxd5 Nf6 13.Nb5 Nxd5 14.Qxd5 O-O 15.Nxd6 Rad8
16.Rd1 Qg4 17.h3 Qh5 18.Bf4 h6 19.Rac1 Rd7 20.g4 Nf3+ 21.Kg2 Nh4+ 22.Kf1 Qxd5
23.Rxd5 g5 24.Bg3 Nf3 25.Ke2 Nd4+ 26.Ke3 Ne6 27.b3 Rfd8 28.Rcd1 Nc7 29.R5d3 Na6
30.Nxb7 Rxd3+ 31.Rxd3 Rxd3+ 32.Kxd3 Nb4+ 33.Kc4 Nxa2 34.Bb8 Nc3 35.f3 a6
36.b4 Ne2 37.Ba7 Nf4 38.Nc5 Nxh3 39.Nxa6 Nf4 40.b5 Ne6 41.Nc5 Bd4 42.Nxe6 Bxa7
43.Nc5  1-0

[Event "Santiago op"]
[Site "Santiago de Chile"]
[Date "1997.??.??"]
[Round "4"]
[White "Baltazar, Samuel"]
[Black "Velasquez Ojeda, Cesar"]
[Result "0-1"]
[WhiteElo "2065"]
[BlackElo "2365"]

1.e4 c5 2.Nf3 d6 3.Bb5+ Bd7 4.Bxd7+ Qxd7 5.O-O Nc6 6.c3 Nf6 7.Qe2 Qg4 8.Re1 e5
9.h3 Qd7 10.d3 Be7 11.Nbd2 O-O 12.Nc4 Rfe8 13.Ne3 d5 14.Nf5 h6 15.Nxe7+ Rxe7
16.Nh4 Re6 17.Qf3 Ne7 18.Be3 d4 19.cxd4 cxd4 20.Bd2 Ng6 21.Nf5 Rc6 22.Rac1 Rac8
23.Rxc6 Rxc6 24.Rc1 Rxc1+ 25.Bxc1 Qc6 26.Qd1 Nd7 27.h4 Kh7 28.h5 Ngf8 29.f4 Ne6
30.Qf1 Qc2 31.Ne7 exf4 32.Bxf4 Nxf4 33.Qxf4 Qd1+ 34.Kf2 Qxh5 35.Qf5+ Qxf5+
36.Nxf5 Ne5 37.Ke2 Nc6 38.Nd6 Kg6 39.Nxb7 Kf6 40.Nd6 h5 41.Ne8+ Kg6 42.a3 a5
43.b3 f6 44.Nd6 Kg5 45.Nb5 Kf4 46.b4 axb4 47.axb4 g5 48.Nd6 Nxb4 49.Nf5 Nc6
50.g3+ Kg4 51.Kf2 h4 52.gxh4 gxh4 53.Nh6+ Kf4  0-1

[Event "Bayern-ch Seniors op"]
[Site "Schloss Schney"]
[Date "1997.??.??"]
[Round "1"]
[White "Reichenbacher, Gerhard"]
[Black "Rabitzsch, Manfred"]
[Result "1-0"]
[WhiteElo "1919"]
[BlackElo "1760"]

1.e4 c5 2.Nf3 d6 3.Bb5+ Bd7 4.Bxd7+ Nxd7 5.O-O Ngf6 6.Qe2 g6 7.c4 Bg7 8.Nc3 O-O
9.d4 cxd4 10.Nxd4 a6 11.Be3 Nc5 12.f3 Qc7 13.Rac1 e5 14.Nb3 Rad8 15.Nd5 Nxd5
16.cxd5 b6 17.Nxc5 bxc5 18.b4 c4 19.Rxc4 Qb7 20.Rfc1 Qb5 21.Qc2 Rd7 22.a4 Qb7
23.Rc6 Qxb4 24.Rb1  1-0

[Event "Seversk"]
[Site "Seversk"]
[Date "1997.??.??"]
[Round "2"]
[White "Komliakov, Viktor"]
[Black "Filippov, Valerij"]
[Result "1/2-1/2"]
[WhiteElo "2460"]
[BlackElo "2510"]

1.e4 c5 2.Nf3 d6 3.Bb5+ Nc6 4.Bxc6+ bxc6 5.O-O Bg4 6.d3 e6 7.Nbd2 Be7 8.Re1 Nf6
9.h3 Bh5 10.Nf1 O-O 11.Ng3 Bg6 12.c3  1/2-1/2

[Event "BUL-ch"]
[Site "Shumen"]
[Date "1997.??.??"]
[Round "2"]
[White "Bojkov, Dejan"]
[Black "Dimov, Dian"]
[Result "1-0"]
[WhiteElo "2280"]
[BlackElo "2370"]

1.e4 c5 2.Nf3 d6 3.Bb5+ Nd7 4.O-O a6 5.Be2 Ngf6 6.Nc3 g6 7.d4 cxd4 8.Nxd4 Bg7
9.a4 O-O 10.a5 Nc5 11.Bf3 Nfd7 12.Be3 Ne5 13.Be2 Bd7 14.b4 Ne6 15.Nd5 Nc6
16.c3 Rb8 17.Rc1 Nexd4 18.Bxd4 Bxd4 19.cxd4 e6 20.Nb6 Na7 21.Qd2 Bb5 22.Bxb5 Nxb5
23.Rfd1 Qe7 24.Qh6 Rbd8 25.Rd3 f5 26.Re1 fxe4 27.Rxe4 e5 28.h4 Rf5 29.dxe5 dxe5
30.Qd2 Rxd3 31.Qxd3 Qf7 32.Qe3 Qe6 33.Qc5 Nd6 34.Re3 e4 35.Qd4 Qe5 36.Qd2 Rf7
37.Rc3 Nf5 38.Nd7 Qe6 39.Rc8+ Kg7 40.Qc3+ Kh6 41.Ne5 Re7 42.Ng4+ Kh5 43.Nf6+ Kxh4
44.Nxe4 Qxe4 45.Rc4 Kg5 46.Rxe4 Rxe4 47.g3 h5 48.Kg2 Re7 49.Qc5 Kh6 50.f3 Rf7
51.Kh3 Kh7 52.g4 hxg4+ 53.fxg4 Nh6 54.Kh4 Rf6 55.Qc7+ Rf7 56.Qb6 Rg7 57.Kg5 Nf7+
58.Kf6 Nh6 59.Qd4 Ng8+ 60.Ke6 Ne7 61.Qxg7+  1-0

[Event "UKR-ch20"]
[Site "Simferopol"]
[Date "1997.??.??"]
[Round "9"]
[White "Kozel, Roman"]
[Black "Belichev, Nikolai"]
[Result "0-1"]
[WhiteElo "2435"]
[BlackElo "2280"]

1.e4 c5 2.Nf3 d6 3.Bb5+ Nd7 4.O-O Nf6 5.Re1 a6 6.Bf1 b6 7.d4 cxd4 8.Nxd4 Bb7
9.f3 e6 10.c4 Be7 11.Nc3 Rc8 12.Nc2 Ne5 13.Ne3 O-O 14.a4 Re8 15.b3 Qc7 16.Bb2 Ned7
17.Kh1 Nc5 18.b4 Ncd7 19.Qb3 a5 20.Nb5 Qb8 21.bxa5 Nc5 22.Qc3 bxa5 23.Ra2 Rc6
24.Ng4 Ra6 25.Nxd6 Bxd6 26.e5 Nxg4 27.exd6 Nf6 28.Re5 Qxd6 29.Ba3 Nfd7 30.Rg5 e5
31.Rd2 Qc7 32.Bd3 f6 33.Rg3 e4 34.fxe4 Bxe4 35.Bf1 Bg6 36.Kg1 Ne4 37.Rxd7 Qxd7
38.Qb3 Qd4+ 39.Re3 Nd2  0-1

[Event "RUS-Cup8"]
[Site "Smolensk"]
[Date "1997.??.??"]
[Round "1"]
[White "Nadyrhanov, S."]
[Black "Kostin, Sergei"]
[Result "1-0"]
[WhiteElo "2480"]
[BlackElo "2210"]

1.e4 c5 2.Nf3 d6 3.Bb5+ Bd7 4.Bxd7+ Qxd7 5.O-O Nc6 6.c3 Nf6 7.d4 Nxe4 8.d5 Ne5
9.Re1 Nf6 10.Nxe5 dxe5 11.Rxe5 e6 12.c4 O-O-O 13.Nc3 Bd6 14.Re1 exd5 15.Nxd5 Qf5
16.Be3 Ng4 17.h3 Ne5 18.Qe2 Rde8 19.Red1 g5 20.b4 g4 21.bxc5 Bxc5 22.Qf1 Bd6
23.c5 Bb8 24.c6 Nxc6 25.hxg4 Qxg4 26.Rac1 Re6 27.Qd3 Bd6 28.Qb5 Be5 29.Rb1 Re7
30.Bxa7 Kd8 31.Ne3+ Qd7 32.Rxd7+ Kxd7 33.Qxb7+ Bc7 34.g3 Ne5 35.Bb8 Nf3+
36.Kg2  1-0

[Event "Sochi"]
[Site "Sochi"]
[Date "1997.??.??"]
[Round "?"]
[White "Egin, Vladimir"]
[Black "Doroshkievich, Vladimir K"]
[Result "1/2-1/2"]
[WhiteElo "2425"]
[BlackElo "2385"]

1.e4 c5 2.Nf3 d6 3.Bb5+ Bd7 4.Bxd7+ Nxd7 5.O-O Ngf6 6.Qe2 e6 7.b3 g6 8.c3 Bg7
9.d4 O-O 10.Nbd2 Rc8 11.Bb2 Qc7 12.Rfe1 cxd4 13.cxd4 Rfd8 14.e5 Ne8 15.Rac1 Qb8
16.Nc4 d5 17.Ne3 Rxc1 18.Bxc1 Rc8 19.h4 Rc6 20.h5 Qc7 21.Bd2 Qb6 22.hxg6 hxg6
23.Ng4 Rc2 24.Qe3 Nf8 25.g3 f5 26.exf6 Nxf6 27.Nh6+ Bxh6 28.Qxh6 Ne4 29.Be3 Qc7
30.Ne5 Qg7 31.Qf4 Qf6 32.Qxf6 Nxf6 33.Rc1 Rxc1+ 34.Bxc1 Kg7 35.f3 N8d7 36.Nd3 Ne8
37.Bf4 Kf7 38.g4 Ke7 39.Kf2 Nd6 40.a4 Nf7 41.Ke3 a6 42.Bg3 Kf6 43.Bh4+ g5
44.Bg3 Nd8 45.Be1 Nc6 46.Bc3 Kg6 47.Nf2 b5 48.axb5 axb5 49.Nd3 Kf6 50.Bb4 Ndb8
51.Bd6 Nd7 52.Bc7 e5 53.dxe5+ Ndxe5 54.Nxe5 Nxe5 55.Kd4 Nxf3+ 56.Kxd5 Ke7
57.b4 Kd7 58.Be5 Ne1 59.Bc3 Nf3 60.Ke4 Nh4 61.Ke5 Nf3+  1/2-1/2

[Event "Sochi"]
[Site "Sochi"]
[Date "1997.??.??"]
[Round "?"]
[White "Egin, Vladimir"]
[Black "Zhelnin, Vladimir V"]
[Result "1/2-1/2"]
[WhiteElo "2425"]
[BlackElo "2475"]

1.e4 c5 2.Nf3 d6 3.Bb5+ Bd7 4.Bxd7+ Qxd7 5.O-O Nc6 6.c3 Nf6 7.d4 cxd4 8.cxd4 d5
9.e5 Ng8 10.Nc3 e6 11.Ne2 Nge7 12.Ng3 g6 13.Bg5 Bg7 14.Qd2 Nf5 15.Nxf5 exf5
16.Rac1 O-O 17.Rc3 Rfc8 18.Rfc1 a6 19.Bh6 Na7 20.Bxg7 Kxg7 21.Qg5 Rc6 22.Rxc6 Nxc6
23.Qf6+ Kg8 24.Rc5 Re8 25.h4 h6 26.Qd6 Qxd6 27.exd6 Rd8 28.Rxd5 Nb4 29.Rc5 Rxd6
30.Rc8+ Kg7 31.Rc7 b5 32.Ne5 Nxa2 33.Rxf7+ Kg8 34.Ra7 Nb4 35.g3 h5 36.Rc7 Nd5
37.Ra7 f4 38.Nd3 fxg3 39.fxg3 Ne3 40.Nc5 Rxd4 41.Rxa6 Kf7 42.Ra3 Nf5 43.Rf3 Rd2
44.Rf2 Rd1+ 45.Kg2 Kf6 46.Re2 Nd4 47.Nd7+ Kf7 48.Rf2+ Kg7 49.Nc5 Nf5 50.Kf3 Kf6
51.Kf4 Rd4+ 52.Ne4+ Ke6 53.Rd2 Rb4 54.Kf3 Ke5 55.Nc3 Nd4+ 56.Ke3 Rc4 57.Kd3 Rb4
58.Ke3 Rc4 59.Kd3 Rc8 60.Rd1 Nf5 61.Re1+ Kf6 62.Ne4+ Kf7 63.Ng5+ Kg7 64.Ne4 Rc4
65.Re2 Kf8 66.Kd2 b4 67.Ke1 Nd4 68.Rf2+ Kg7 69.Rf7+ Kg8 70.Ng5 Nf5 71.Rd7 Rc2
72.Nh7 Rxb2 73.Nf6+  1/2-1/2

[Event "Sochi"]
[Site "Sochi"]
[Date "1997.??.??"]
[Round "?"]
[White "Komliakov, Viktor"]
[Black "Savon, Vladimir A"]
[Result "1/2-1/2"]
[WhiteElo "2460"]
[BlackElo "2445"]

1.e4 c5 2.Nf3 d6 3.Bb5+ Nc6 4.Bxc6+ bxc6 5.O-O Bg4 6.d3 e5 7.Nbd2 Be7 8.c3 Nf6
9.Qc2 Nd7 10.d4 f6 11.b4 cxd4 12.cxd4 Rc8 13.Qb3 Bh5 14.Bb2 Bf7 15.Qd3 O-O  1/2-1/2

[Event "Solin"]
[Site "Solin"]
[Date "1997.??.??"]
[Round "2"]
[White "Cvorovic, Drazen"]
[Black "Balinov, Ilija"]
[Result "0-1"]
[WhiteElo "2425"]
[BlackElo "2570"]

1.e4 c5 2.Nf3 d6 3.Bb5+ Nd7 4.c3 Nf6 5.Qe2 a6 6.Ba4 e5 7.O-O Be7 8.d4 b5
9.Bc2 O-O 10.a4 Rb8 11.dxe5 Nxe5 12.Nxe5 dxe5 13.axb5 axb5 14.c4 bxc4 15.Nc3 Be6
16.Rd1 Qc7 17.Nd5 Bxd5 18.exd5 Bd6 19.Ra6 Rb6 20.Qxc4 Ne8 21.Qa4 Rxa6 22.Qxa6 f5
23.Qc6 Qe7 24.Bd2 e4 25.Bc3 e3 26.Rf1 g6 27.fxe3 Nf6 28.Re1 Ng4 29.h3 Ne5
30.Qa4 c4 31.Kh1 Qh4 32.Qa6 Nd3 33.Qxd6 Nxe1 34.Qe6+ Rf7 35.Ba4 Qf2 36.Bxe1 Qxe1+
37.Kh2 f4 38.exf4 Qxe6 39.dxe6 Rb7 40.Bc6 Rc7 41.e7 Rxe7 42.Bd5+ Kg7 43.Bxc4 Re4
44.b3 Rxf4 45.Kg3 g5 46.Kh2 Kf6 47.Kg3 h6 48.Kh2 Ke5 49.Kg3 Kd4 50.Bg8 Ke3
51.Bc4 Rd4 52.Bg8 Ke2 53.Bc4+ Ke3 54.Bf7 Rd2 55.Bc4 Rc2 56.Bf7 Rc7 57.Bc4 Rd7
58.Bb5 Rd2 59.Bc4 Ke4 60.Bf7 Ke5 61.Bc4 h5 62.Bf7 Rd3+ 63.Kf2 g4 64.Bxh5 g3+
65.Ke2 Rxb3 66.Bf3 Kd4 67.Bh5 Re3+ 68.Kd2 Re5 69.Bg6 Re6 70.Bh5 Rf6 71.Ke1 Ke3
72.Be8 Rf2 73.Bc6 Rc2 74.Bf3 Rc1+ 75.Bd1 Rb1 76.h4 Rb4  0-1

[Event "Solin"]
[Site "Solin"]
[Date "1997.??.??"]
[Round "4"]
[White "Ljubicic, Filip"]
[Black "Ward, Christopher"]
[Result "1/2-1/2"]
[WhiteElo "2350"]
[BlackElo "2490"]

1.e4 c5 2.Nf3 d6 3.Bb5+ Bd7 4.a4 Nf6 5.Qe2 Nc6 6.O-O g6 7.e5 Nxe5 8.Nxe5 dxe5
9.Qxe5 Rc8 10.Nc3 Bg7 11.d3 O-O 12.Bd2 Be6 13.Qe2 Nd7 14.Bf4 Nb8 15.Rfe1 Nc6
16.Bxc6 Rxc6 17.Be5 Bxe5 18.Qxe5 Qd4 19.Qg5 f6 20.Qd2 Qd7 21.Qe3 Re8 22.Rad1 Bf7
23.b3 e5 24.Ne4 b6 25.Qh6 Bd5 26.Nc3 Be6 27.h3 Qg7 28.Qe3 Qd7 29.Qf3 Kg7
30.Ra1 a5 31.Re2 Rcc8 32.Rae1 Rcd8 33.Kh2 Rf8 34.Qg3 g5 35.Kg1 h6 36.h4 Bf5
37.Re3 Bg6 38.Nb5 Rde8 39.Qf3 Bf5 40.Nd6 Qxd6 41.Qxf5 Qe6 42.Qe4 Rd8 43.h5 Qf7
44.Qf3 Rd4 45.Re4 Rfd8 46.g4 Rxe4 47.Rxe4 Qe6 48.Kg2 Rf8 49.Qe2 Re8 50.Qf3 Rf8
51.Qe2 Re8 52.Qf3 Rf8 53.Qe2  1/2-1/2

[Event "POL-ch"]
[Site "Sopot"]
[Date "1997.??.??"]
[Round "1"]
[White "Pedzich, Dominik"]
[Black "Murdzia, Piotr"]
[Result "1/2-1/2"]
[WhiteElo "2465"]
[BlackElo "2425"]

1.e4 c5 2.Nf3 d6 3.Bb5+ Nc6 4.O-O Bg4 5.c3 Qb6 6.Ba4 Nf6 7.d4 O-O-O 8.Re1 cxd4
9.Bxc6 bxc6 10.cxd4 d5 11.e5 Nd7 12.h3 Bxf3 13.Qxf3 Qxd4 14.Qxf7 Kb7 15.Nc3 Nxe5
16.Qf5 Nc4 17.Bg5 g6 18.Qc2 h6 19.Bxe7 Re8 20.Bxf8 Rxe1+ 21.Rxe1 Rxf8 22.Re2 Rf6
23.Na4 Kc7 24.b3 Ne5 25.Rd2 Qb4 26.Nc5 Kb6 27.Na4+ Kc7 28.Qc1 Kd6 29.Qc2 Kc7
30.Qd1 Kd6 31.Rc2 Rf4 32.Nc5 Qd4 33.Qc1 g5 34.a3  1/2-1/2

[Event "POL-ch"]
[Site "Sopot"]
[Date "1997.??.??"]
[Round "3"]
[White "Pedzich, Dominik"]
[Black "Kuczynski, Robert"]
[Result "1-0"]
[WhiteElo "2465"]
[BlackElo "2500"]

1.e4 c5 2.Nf3 d6 3.Bb5+ Bd7 4.Bxd7+ Qxd7 5.O-O Nc6 6.c3 Nf6 7.Qe2 e6 8.d4 cxd4
9.cxd4 d5 10.e5 Ne4 11.Be3 Be7 12.Ne1 f6 13.f3 Ng5 14.Nd2 O-O 15.Nd3 Nf7
16.f4 f5 17.Nf3 b6 18.h3 Nh6 19.Kh2 Nb4 20.Nxb4 Bxb4 21.Qa6 Rac8 22.Rac1 Be7
23.Rg1 Rfe8 24.Bd2 Red8 25.Rgf1 Kh8 26.a4 Re8 27.Rfd1 Rf8 28.Re1 Rfe8 29.Red1 Rf8
30.Qb5 Qxb5 31.axb5 Nf7 32.Ra1 Rc7 33.Rdc1 Rd7 34.Rc6 Nd8 35.Rc8 Nf7 36.Rac1 h6
37.R1c7 Rxc8 38.Rxd7 Re8 39.Rxa7 Kg8 40.g4 g6 41.Rb7 Bd8 42.Bb4 Kg7 43.Kg3 Rh8
44.Be7  1-0

[Event "POL-ch"]
[Site "Sopot"]
[Date "1997.??.??"]
[Round "3"]
[White "Gdanski, Jacek"]
[Black "Macieja, Bartlomiej"]
[Result "1-0"]
[WhiteElo "2485"]
[BlackElo "2465"]

1.e4 c5 2.Nf3 d6 3.Bb5+ Bd7 4.Bxd7+ Nxd7 5.O-O Ngf6 6.Qe2 Rc8 7.b3 g6 8.c3 Bg7
9.d4 cxd4 10.cxd4 O-O 11.Nbd2 Qa5 12.Bb2 Qa6 13.Qxa6 bxa6 14.Rfc1 Bh6 15.Kf1 d5
16.exd5 Nxd5 17.Rxc8 Rxc8 18.Rc1 Rxc1+ 19.Bxc1 f6 20.a4 Kf7 21.Ba3 Bf4 22.Ne4 Bc7
23.g3 g5 24.h3 h5 25.Ke2 g4 26.hxg4 hxg4 27.Nh4 Ke6 28.Kd3 f5 29.Nc5+ Nxc5+
30.Bxc5 Bb6 31.b4 Nf6 32.a5 Bxc5 33.bxc5 Ne4 34.Ke3 Nc3 35.Kd3 Nd1 36.Ke2 Nb2
37.Ke3 Nc4+ 38.Kf4 Nxa5 39.Nxf5 Nb3 40.c6 Nxd4  1-0

[Event "White Nights op"]
[Site "St Petersburg"]
[Date "1997.??.??"]
[Round "?"]
[White "Sotsky, Alexander"]
[Black "Petkevich, Jusefs"]
[Result "0-1"]
[WhiteElo "2305"]
[BlackElo "2455"]

1.e4 c5 2.Nf3 d6 3.Bb5+ Bd7 4.Bxd7+ Nxd7 5.b3 Ngf6 6.Qe2 g6 7.Bb2 Bg7 8.O-O e5
9.Nc3 O-O 10.d3 Nb8 11.Nd2 Nc6 12.Nc4 d5 13.exd5 Nxd5 14.Qf3 Ndb4 15.Ne3 f5
16.a3 Nd4 17.Qd1 Nbc6 18.Ned5 Rf7 19.b4 Rd7 20.Ne3 cxb4 21.axb4 Nxb4 22.Ne2 b5
23.Ba3 Nbc6 24.Re1 Nxe2+ 25.Qxe2 Nd4 26.Qd1 Rc8 27.Bb2 e4 28.c3 Ne6 29.Qb3 Kf7
30.dxe4 fxe4 31.Qxb5 Nc5 32.Bc1 Nd3 33.Rf1 Bxc3 34.Rb1 Bd4 35.h3 h5 36.Bd2 Kg7
37.Ba5 Qe7 38.Nd5 Qe6 39.Nb4 Rc5 40.Qa4 Nxf2 41.Nc2 Nxh3+ 42.Kh1 Nf2+ 43.Kg1 Rxc2
44.Qxc2 Ng4+ 45.Kh1 Qd6 46.g3 Qxg3  0-1

[Event "St Petersburg-ch"]
[Site "St Petersburg"]
[Date "1997.??.??"]
[Round "2"]
[White "Gubanov, Anton"]
[Black "Nepomnishay, Mikhail I"]
[Result "0-1"]
[WhiteElo "2370"]
[BlackElo "2465"]

1.e4 c5 2.Nf3 d6 3.Bb5+ Bd7 4.Bxd7+ Qxd7 5.c4 Nf6 6.Nc3 Nc6 7.O-O e6 8.d4 cxd4
9.Nxd4 Be7 10.Be3 O-O 11.Qe2 a6 12.Rad1 Rfc8 13.b3 Qc7 14.f4 Qa5 15.Nxc6 Rxc6
16.Bd4 Nd7 17.Rd3 Re8 18.Nd5 Qd8 19.Nxe7+ Qxe7 20.Rfd1 e5 21.fxe5 Nxe5 22.R3d2 h6
23.Bb2 Qh4 24.g3 Qf6 25.Kg2 Qg6 26.Ba3 Re6 27.Rd4 Nd7 28.Qd3 Nf6 29.Bxd6 Nxe4
30.Bf4 Qh5 31.Qf3 Qg6 32.Qd3 f5 33.Re1 Nf6 34.Rxe6 Rxe6 35.Rd6 Nh5 36.Rxe6 Nxf4+
37.Kf1 Nxe6  0-1

[Event "St Petersburg-B"]
[Site "St Petersburg"]
[Date "1997.??.??"]
[Round "4"]
[White "Kochyev, Alexander"]
[Black "Norri, Joose"]
[Result "1/2-1/2"]
[WhiteElo "2435"]
[BlackElo "2430"]

1.e4 c5 2.Nf3 d6 3.Bb5+ Bd7 4.Bxd7+ Nxd7 5.O-O Ngf6 6.Qe2 e6 7.c3 Be7 8.d4 cxd4
9.cxd4 d5 10.e5 Ne4 11.Nbd2 Nxd2 12.Bxd2 Qb6 13.Be3 O-O 14.Rfc1 Rac8  1/2-1/2

[Event "RUS-Cup01 Chigorin mem"]
[Site "St Petersburg"]
[Date "1997.??.??"]
[Round "9"]
[White "Belozerov, Andrei"]
[Black "Kruppa, Yuri"]
[Result "1-0"]
[WhiteElo "2450"]
[BlackElo "2535"]

1.e4 c5 2.Nf3 d6 3.Bb5+ Nc6 4.d4 cxd4 5.Qxd4 e6 6.Bg5 Qc7 7.Nc3 Bd7 8.Bxc6 bxc6
9.O-O-O f6 10.Be3 Qb7 11.Rhe1 Ne7 12.Nd2 Nc8 13.f4 Be7 14.e5 c5 15.Qd3 fxe5
16.Nc4 d5 17.Nxe5 O-O 18.g4 Be8 19.Bd2 Rb8 20.b3 Nd6 21.f5 c4 22.Qd4 cxb3
23.cxb3 Nb5 24.Nxb5 Bxb5 25.Kb1 exf5 26.Bc3 Bh4 27.Rg1 Bf6 28.gxf5 Rbd8 29.Qf4 Qc7
30.Bd4 Rde8 31.Rde1 Re7 32.Re3 Rfe8 33.Rge1 Qd6 34.Qg3 a5 35.Nc6 Rxe3 36.Rxe3 Qd7
37.Rxe8+ Qxe8 38.Bxf6 Qe4+ 39.Kb2 Qe2+ 40.Ka3 g6 41.fxg6  1-0

[Event "SVK-chT 9798"]
[Site "SVK"]
[Date "1997.??.??"]
[Round "2"]
[White "Detko, Jan"]
[Black "Djubek, Boris"]
[Result "1/2-1/2"]
[WhiteElo "2130"]
[BlackElo "2205"]

1.e4 c5 2.Nf3 d6 3.Bb5+ Bd7 4.Bxd7+ Qxd7 5.c4 Nc6 6.Nc3 g6 7.d4 cxd4 8.Nxd4 Bg7
9.Be3 Nf6 10.f3 O-O 11.O-O b6 12.Qd2 Rac8 13.b3 Rfe8 14.Rac1 Qb7 15.Nxc6 Rxc6
16.Nd5 Rec8 17.Nb4 R6c7 18.Nd5 Nxd5 19.cxd5 Rc3 20.Rxc3 Rxc3 21.Rc1 Qc7 22.Rxc3 Qxc3
23.Qxc3 Bxc3 24.Kf1 Bb4 25.Ke2 Bc5 26.a4 a6 27.g4 Bxe3 28.Kxe3 Kf8 29.Kf4 Kg7
30.e5 f6 31.exd6 exd6 32.h4 Kf7 33.Ke4 Ke7 34.b4  1/2-1/2

[Event "SVK-chT 9697"]
[Site "SVK"]
[Date "1997.??.??"]
[Round "3"]
[White "Franzen, Josef"]
[Black "Horvath, Mario"]
[Result "0-1"]
[WhiteElo "2325"]
[BlackElo "2195"]

1.e4 c5 2.Nf3 d6 3.Bb5+ Bd7 4.Bxd7+ Qxd7 5.c4 Nc6 6.d4 cxd4 7.Nxd4 e6 8.Nc3 Be7
9.Be3 Nf6 10.O-O O-O 11.b3 d5 12.cxd5 exd5 13.exd5 Nxd5 14.Nxc6 bxc6 15.Nxd5 cxd5
16.Qd3 Qb7 17.Bd4 Rfd8 18.Rfe1 Rac8 19.Re3 Bf8 20.Rae1 a6 21.h4 Qb5 22.Qf5 Qd7
23.Qf4 Rc6 24.h5 h6 25.Rg3 Re8 26.Rxe8 Qxe8 27.Re3 Re6 28.Qf5 Rxe3 29.Bxe3 Qe6
30.Qd3 Qe5 31.Qxa6 d4 32.Bd2 Qxh5 33.Qa5 Qd1+ 34.Kh2 Bd6+ 35.g3 Qf3 36.Kg1 Kh7
37.Be1 h5 38.Qg5 f6 39.Qd2 d3 40.Qe3 Qxe3 41.fxe3 Bxg3 42.Bd2 Kg6 43.a4 Kf5
44.a5 Ke4 45.b4 Kf3 46.b5 Bd6 47.b6 Bc5 48.b7 Ba7 49.Kf1 h4 50.Bb4 h3 51.Kg1 Ke2  0-1

[Event "SVK-chT 9798"]
[Site "SVK"]
[Date "1997.??.??"]
[Round "3"]
[White "Velicka, Petr"]
[Black "Dobrovolsky, Ladislav"]
[Result "1-0"]
[WhiteElo "2410"]
[BlackElo "2400"]

1.e4 c5 2.Nf3 d6 3.Bb5+ Bd7 4.Bxd7+ Nxd7 5.c4 Ngf6 6.Nc3 e6 7.O-O Be7 8.d4 cxd4
9.Qxd4 a6 10.b3 O-O 11.Bg5 Qa5 12.Qd2 Kh8 13.a4 Ne5 14.Nxe5 dxe5 15.Qc2 Bc5
16.Rad1 Rad8 17.Bxf6 gxf6 18.g3 Qb6 19.Kg2 Rd4 20.Ne2 Rxd1 21.Rxd1 Bxf2 22.a5 Qa7
23.b4 Be3 24.c5 Qb8 25.Qd3 Bg5 26.h4 Bh6 27.Qd7 Bg7 28.Rd6 f5 29.Rb6 fxe4
30.c6 e3 31.Rxb7 Qa8 32.Ra7 Qb8 33.c7 Qc8 34.Qxc8 Rxc8 35.Rxa6 Bf8 36.Rc6 Bxb4
37.a6 Ba5 38.a7 Bxc7 39.Rxc7  1-0

[Event "SVK-chT 9697"]
[Site "SVK"]
[Date "1997.??.??"]
[Round "10"]
[White "Halasz, Stefan"]
[Black "Dudas, Jan"]
[Result "0-1"]
[WhiteElo "2340"]
[BlackElo "2310"]

1.e4 c5 2.Nf3 d6 3.Bb5+ Bd7 4.Bxd7+ Qxd7 5.O-O Nc6 6.Nc3 g6 7.d4 cxd4 8.Nxd4 Bg7
9.Be3 Nf6 10.f3 O-O 11.Qd2 Ne5 12.b3 Rfc8 13.Nd5 Nc6 14.c4 Nxd5 15.cxd5 Nxd4
16.Bxd4 Bxd4+ 17.Qxd4 Rc2 18.Rf2 Qc7 19.Rd1 Rc8 20.Rxc2 Qxc2 21.Qd2 f5 22.exf5 Qxf5
23.Qe2 Rc7 24.Rd2 Kf7 25.g4 Qf4 26.Kg2 h5 27.Qe6+ Kg7 28.Re2 h4  0-1

[Event "Piatka op"]
[Site "Swidnica"]
[Date "1997.??.??"]
[Round "9"]
[White "Pedzich, Dominik"]
[Black "Lerner, Konstantin Z"]
[Result "0-1"]
[WhiteElo "2465"]
[BlackElo "2570"]

1.e4 c5 2.Nf3 d6 3.Bb5+ Bd7 4.Bxd7+ Qxd7 5.O-O Nc6 6.c3 Nf6 7.Qe2 e6 8.d4 cxd4
9.cxd4 d5 10.e5 Ne4 11.Be3 f6 12.Nc3 Be7 13.Rac1 f5 14.Ne1 f4 15.Nxe4 fxe3
16.Nc5 Bxc5 17.Rxc5 Nxd4 18.Qxe3 Nc6 19.Nd3 O-O 20.f4 b6 21.Rc2 Rac8 22.Rfc1 Ne7
23.g4 Rxc2 24.Rxc2 Qa4 25.b3 Qe4 26.Re2 Qg6 27.Rg2 Rc8 28.h3 Rc3 29.f5 exf5
30.Qd4 Rc8 31.Nf4 Qc6 32.gxf5 Nxf5 33.Qxd5+ Qxd5 34.Nxd5 Rc1+ 35.Kh2 Kf7
36.Re2 Nd4 37.Re4 Rc2+ 38.Kg3 Rd2 39.Nc7 Ne6 40.Rc4 Rxa2 41.Rc6 Nd4 42.e6+ Kf8
43.Rc4 Rd2 44.Kf4 b5 45.Rc5 Ke7 46.Ke3 Rd1 47.Rd5 Nc2+ 48.Ke4 Rxd5 49.Kxd5 Nb4+
50.Kc5 Nd3+ 51.Kd4 Nf4 52.Ke5 Ng6+ 53.Kd5 b4 54.Na6 Nf4+ 55.Ke5 Nxe6 56.Nxb4 Kd7
57.Nd3 Ng5 58.Nf4 Nf3+ 59.Kd5 g5 60.Nh5 Ke7 61.Ng3 Ng1 62.h4 gxh4 63.Nf5+ Kf6
64.Nxh4 Kg5 65.Ng2 Ne2 66.b4 Nf4+ 67.Nxf4 Kxf4 68.b5 h5 69.Kc6 h4 70.Kb7 h3
71.Kxa7 h2 72.b6 h1=Q 73.b7 Qa1+ 74.Kb6 Qb2+ 75.Kc7 Qc3+ 76.Kb6 Qb4+ 77.Kc7 Qc5+
78.Kd8 Qb6+ 79.Kc8 Qc6+ 80.Kb8 Ke5 81.Ka7 Qc7  0-1

[Event "SWZ-chT9697"]
[Site "SWZ"]
[Date "1997.??.??"]
[Round "?"]
[White "Vulevic, Vjekoslav"]
[Black "Brunner, Lucas"]
[Result "0-1"]
[WhiteElo "2315"]
[BlackElo "2500"]

1.e4 c5 2.Nf3 d6 3.Bb5+ Bd7 4.a4 Nc6 5.O-O Nf6 6.Re1 e6 7.c3 Be7 8.d4 cxd4
9.cxd4 d5 10.exd5 Nxd5 11.Nc3 Ncb4 12.Bf1 O-O 13.Ne5 Qc7 14.Bd2 Rfc8 15.Qb3 Be8
16.a5 Qd8 17.Nf3 Rc7 18.g3 Rac8 19.h4 h6 20.Red1 Rb8 21.Nb5 Bxb5 22.Bxb5 Rbc8
23.Ra4 Nc6 24.Bd3 Rd7 25.Bb1 Nf6 26.Re1 b6 27.axb6 axb6 28.Be3 Rd5 29.Rc4 b5
30.Rcc1 Na5 31.Qd3 Nc4 32.b3 Na3 33.Rxc8 Qxc8 34.Rc1 Qa8 35.Bc2 Nxc2 36.Rxc2 Bd6
37.Qc3 Kh7 38.Qd3+ g6 39.Qc3 Rf5 40.Nh2 Qe4 41.Nf1 Nd5 42.Qc6 Be7 43.Ra2 Qb1
44.Qc2 Qxf1+  0-1

[Event "Aktiv Alliancen-A"]
[Site "Taastrup"]
[Date "1997.??.??"]
[Round "1"]
[White "Nilsson, Nils Specht"]
[Black "Christensen, Lasse"]
[Result "1-0"]
[WhiteElo "2225"]
[BlackElo "2300"]

1.e4 c5 2.Nf3 d6 3.Bb5+ Bd7 4.Bxd7+ Qxd7 5.O-O Nc6 6.c3 Nf6 7.Qe2 e6 8.d4 Qc7
9.d5 exd5 10.exd5+ Ne7 11.c4 O-O-O 12.Nc3 Qd7 13.Bg5 h6 14.Bxf6 gxf6 15.Rab1 Rg8
16.b4 Ng6 17.bxc5 Nf4 18.Qb2 Rxg2+ 19.Kh1 dxc5 20.Nb5 b6 21.Qxf6 Bd6 22.Nxd6+ Qxd6
23.Qxf7 Rd7 24.Qe8+ Rd8 25.Qf7 Rd7 26.Qf5 Kc7 27.Rbe1 Rdg7 28.Re8  1-0